000 00600nam a2200193 i 4500
001 24570
003 ES-MaACL
005 20231221191845.0
007 t|
008 021217s1903 sp ||||1| spa d
080 _a39(64)
100 1 _aAntón y Ferrándiz, Manuel,
_d1849-1929
_921958
245 1 0 _aRazas y tribus de Marruecos /
_cManuel Antón y Ferrándiz.
260 _aMadrid :
_b[s.n.],
_c1903 (
_fSucesores de Rivadeneyra)
300 _a29 p. :
_bil. ;
_c24 cm.
650 4 _aPueblos indígenas-
_zMarruecos.
_9149876
852 _aES-MaACL
_jT-1044-F-11
999 _c24570
_d24570